000 00420nam a2200145Ia 4500
008 220216s9999 xx 000 0 und d
100 _aMartin M N
245 4 _aThe Latex of Hevea brasiliensis contains high levels of both chitinases and chitianases/isozymes
260 _bPlant physiology
_c1991
300 _ap469-76
500 _aSource Year: 1991
650 _aHevea brasiliensis
856 _uHORA
942 _cJS
999 _c70820
_d70820